Essential college physics / Volume 2 (Record no. 64)

000 -LEADER
fixed length control field 01365cam a2200397 a 4500
001 - CONTROL NUMBER
control field 15790711
003 - CONTROL NUMBER IDENTIFIER
control field OSt
005 - DATE AND TIME OF LATEST TRANSACTION
control field 20210411111325.0
008 - FIXED-LENGTH DATA ELEMENTS--GENERAL INFORMATION
fixed length control field 090625s2010 maua 001 0 eng
010 ## - LIBRARY OF CONGRESS CONTROL NUMBER
LC control number 2009024991
020 ## - INTERNATIONAL STANDARD BOOK NUMBER
International Standard Book Number 9780321598561 (Complete ed. v. 12 with MasteringPhysics)
020 ## - INTERNATIONAL STANDARD BOOK NUMBER
International Standard Book Number 0321598563 (Complete ed. v. 12 with MasteringPhysics)
020 ## - INTERNATIONAL STANDARD BOOK NUMBER
International Standard Book Number 9780321611161 (v. 1)
020 ## - INTERNATIONAL STANDARD BOOK NUMBER
International Standard Book Number 0321611160 (v. 1)
020 ## - INTERNATIONAL STANDARD BOOK NUMBER
International Standard Book Number 9780321611178 (v. 2)
020 ## - INTERNATIONAL STANDARD BOOK NUMBER
International Standard Book Number 0321611179 (v. 2)
035 ## - SYSTEM CONTROL NUMBER
System control number (OCoLC)ocn417442779
040 ## - CATALOGING SOURCE
Original cataloging agency DLC
Transcribing agency DLC
Modifying agency YDX
-- DLC
050 00 - LIBRARY OF CONGRESS CALL NUMBER
Classification number QC23.2
Item number .R49 2010
080 ## - UNIVERSAL DECIMAL CLASSIFICATION NUMBER
Universal Decimal Classification number 53
Item number R-48
082 00 - DEWEY DECIMAL CLASSIFICATION NUMBER
Classification number 530
Edition number 22
100 1# - MAIN ENTRY--PERSONAL NAME
Personal name Rex, Andrew F.,
Dates associated with a name 1956-
245 10 - TITLE STATEMENT
Title Essential college physics / Volume 2
Statement of responsibility, etc. Andrew F. Rex, Richard Wolfson.
250 ## - EDITION STATEMENT
Edition statement 1st ed.
260 ## - PUBLICATION, DISTRIBUTION, ETC.
Place of publication, distribution, etc. Boston :
Name of publisher, distributor, etc. Addison-Wesley/Pearson Education,
Date of publication, distribution, etc. c2010.
300 ## - PHYSICAL DESCRIPTION
Extent 2 v. (xiv, 634, 20, 2, 20 p.) :
Other physical details ill. ;
Dimensions 28 cm.
500 ## - GENERAL NOTE
General note Includes student access kit for Masteringphysics.com.
500 ## - GENERAL NOTE
General note Includes index.
505 0# - FORMATTED CONTENTS NOTE
Formatted contents note V. 1. Chapters 1-14 -- v. 2. Chapters 15-26.
650 #0 - SUBJECT ADDED ENTRY--TOPICAL TERM
Topical term or geographic name entry element Physics
Form subdivision Textbooks.
653 ## - INDEX TERM--UNCONTROLLED
Uncontrolled term ფიზიკა
700 1# - ADDED ENTRY--PERSONAL NAME
Personal name Wolfson, Richard.
906 ## - LOCAL DATA ELEMENT F, LDF (RLIN)
a 7
b cbc
c orignew
d 1
e ecip
f 20
g y-gencatlg
942 ## - ADDED ENTRY ELEMENTS (KOHA)
Source of classification or shelving scheme
Koha item type Books
Holdings
Withdrawn status Lost status Source of classification or shelving scheme Damaged status Not for loan Permanent location Current location Date acquired Inventory number Total Checkouts Full call number Barcode Date last seen Date last checked out Price effective from Koha item type
          Ken Walker International University Ken Walker International University 11/05/2020 86 1 53 R-48 86 04/06/2023 04/03/2023 11/05/2020 Books

Powered by Koha